Recuerdo póstumo del ingeniero de caminos, canales y puertos Excmo. Señor D. Joaquín Cajal Lasala : (Record no. 126480)

MARC details
000 -LEADER
campo de control de longitud fija 00517nam a2200157 4500
001 - NÚMERO DE CONTROL
campo de control 126480
003 - IDENTIFICADOR DE NÚMERO DE CONTROL
campo de control ES-MaACL
005 - FECHA Y HORA DE LA ÚLTIMA TRANSACCIÓN
campo de control 20230906192828.0
007 - CAMPO FIJO DE DESCRIPCIÓN FÍSICA--INFORMACIÓN GENERAL
campo de control de longitud fija t|
008 - DATOS DE LONGITUD FIJA--INFORMACIÓN GENERAL
campo de control de longitud fija 070214s1952 sp r ||||1| spa d
245 00 - MENCIÓN DEL TÍTULO
Título Recuerdo póstumo del ingeniero de caminos, canales y puertos Excmo. Señor D. Joaquín Cajal Lasala :
Resto del título su vida y su obra.
260 ## - PUBLICACIÓN, DISTRIBUCIÓN, ETC.
Lugar de publicación, distribución, etc. Madrid :
Nombre del editor, distribuidor, etc. [s.n.],
Fecha de publicación, distribución, etc. 1952 (
Fabricante Gráf. Cinema)
300 ## - DESCRIPCIÓN FÍSICA
Extensión 154 p., 3 lám. ;
Dimensiones 22 cm.
700 1# - ENTRADA AGREGADA--NOMBRE PERSONAL
Nombre de persona Cajal Lasala, Joaquín.
9 (RLIN) 33497
852 ## - LOCALIZACIÓN
Ubicación ES-MaACL
Número de control de estantería C-9520
Holdings
Estatus retirado Estado de pérdida Estado de daño No para préstamo Biblioteca de origen Biblioteca actual Ubicación en estantería Fecha de adquisición Fuente de adquisición Total de préstamos Signatura topográfica completa Código de barras Visto por última vez Precio de reemplazo Tipo de ítem Koha
        Biblioteca del Ateneo de Madrid Biblioteca del Ateneo de Madrid Sala Palomar 17/01/2008     C-9520 1131738 23/02/2023 23/02/2023 Libro impreso